Discurso leído en la solemne distribución de premios correspondiente al curso escolar de 1887 á 1888 en la Escuela de Música y Declamación el día 25 de noviembre de 1888 / (Registro nro. 32064)

Detalles MARC
000 -LEADER
campo de control de longitud fija 00694nam a2200181 i 4500
001 - NÚMERO DE CONTROL
campo de control 32064
003 - IDENTIFICADOR DE NÚMERO DE CONTROL
campo de control ES-MaACL
005 - FECHA Y HORA DE LA ÚLTIMA TRANSACCIÓN
campo de control 20230909063114.0
007 - CAMPO FIJO DE DESCRIPCIÓN FÍSICA--INFORMACIÓN GENERAL
campo de control de longitud fija t|
008 - DATOS DE LONGITUD FIJA--INFORMACIÓN GENERAL
campo de control de longitud fija 030211s1888 sp ||||1| spa d
100 1# - ENTRADA PRINCIPAL--NOMBRE DE PERSONA
Nombre de persona Arrieta, Emilio,
Fechas asociadas al nombre 1821-1894
9 (RLIN) 224497
245 10 - MENCIÓN DEL TÍTULO
Título Discurso leído en la solemne distribución de premios correspondiente al curso escolar de 1887 á 1888 en la Escuela de Música y Declamación el día 25 de noviembre de 1888 /
Mención de responsabilidad, etc. por Emilio Arrieta.
260 ## - PUBLICACIÓN, DISTRIBUCIÓN, ETC.
Lugar de publicación, distribución, etc. Madrid :
Nombre del editor, distribuidor, etc. [s.n.],
Fecha de publicación, distribución, etc. 1888 (
Fabricante Imp. de J.M. Ducazcal)
300 ## - DESCRIPCIÓN FÍSICA
Extensión 29 p. ;
Dimensiones 22 cm.
710 2# - ENTRADA AGREGADA--NOMBRE DE ENTIDAD CORPORATIVA
Nombre de entidad corporativa o nombre de jurisdicción como elemento de entrada Escuela de Música y Declamación.
9 (RLIN) 3555
852 ## - LOCALIZACIÓN
Ubicación ES-MaACL
Número de control de estantería T-529-F-3
Existencias
Estatus retirado Estado de pérdida Estado de daño No para préstamo Colección Biblioteca de origen Biblioteca actual Ubicación en estantería Fecha de adquisición Fuente de adquisición Total de préstamos Signatura topográfica completa Código de barras Visto por última vez Precio de reemplazo Tipo de ítem Koha
        Colección de folletos Biblioteca del Ateneo de Madrid Biblioteca del Ateneo de Madrid Depósito folletos 17/01/2008     T-529-F-3 1033177 23/02/2023 23/02/2023 Folleto